La alimentación, actividad del ser humano (Registro nro. 10887)

Detalles MARC
000 -CABECERA
Longitud fija campo de control 00892nam a22002415b 4500
001 - NÚMERO DE CONTROL
Número de control bimo0000350315
003 - IDENTIFICADOR DELl NÚMERO DE CONTROL
Identificador del número de control OSt
005 - FECHA Y HORA DE LA ÚLTIMA TRANSACCIÓN
Fecha y hora de la última transacción 20140613213001.0
008 - CÓDIGOS DE INFORMACIÓN DE LONGITUD FIJA
Códigos de información de longitud fija 930915s1993 esp spa
020 ## - NÚMERO INTERNACIONAL NORMALIZADO PARA LIBROS
Número Internacional Normalizado para Libros (ISBN) 84-277-1023-2
040 ## - FUENTE DE LA CATALOGACIÓN
Centro catalogador de origen SpMaBN
Lengua de catalogación spa
Centro transcriptor BMC
Normas de descripción rdc
082 ## - NÚMERO DE LA CLASIFICACIÓN DECIMAL DEWEY
Númeroo de clasificación 612.3370
082 ## - NÚMERO DE LA CLASIFICACIÓN DECIMAL DEWEY
Númeroo de clasificación 607.07
100 1# - PUNTO DE ACCESO PRINCIPAL-NOMBRE DE PERSONA
Nombre de persona Olivares Jiménez, Engracia
9 (RLIN) 19833
245 13 - MENCIÓN DE TÍTULO
Título La alimentación, actividad del ser humano
Resto del título : salud, consumo y solidaridad
Mención de responsabilidad, etc. Engracia Olivares Jiménez
260 ## - PUBLICACIÓN, DISTRIBUCIÓN, ETC. (PIE DE IMPRENTA)
Lugar de publicación, distribución, etc. Madrid
Nombre del editor, distribuidor, etc. Centro de Publicaciones del MEC : Narcea
Fecha de publicación, distribución, etc. 1993
300 ## - DESCRIPCIÓN FÍSICA
Extensión 1 folder (3 cuadernillos)
Otras características físicas il.
Dimensiones 30 cm
490 ## - MENCIÓN DE SERIE
Mención de serie Materiales 12-16 para educación secundaria
505 0# - NOTA DE CONTENIDO CON FORMATO
Nota de contenido con formato Contiene: Vol. 1: Guía del profesor - Vol. 2: Guías de trabajo - Vol. 3: Documentos informativos
650 24 - PUNTO DE ACCESO ADICIONAL DE MATERIA - TÉRMINO DE MATERIA
Término de materia o nombre geográfico como elemento inicial Educación sanitaria
9 (RLIN) 18849
Subdivisión de materia general Didáctica
650 24 - PUNTO DE ACCESO ADICIONAL DE MATERIA - TÉRMINO DE MATERIA
9 (RLIN) 20487
Término de materia o nombre geográfico como elemento inicial Nutrición
Subdivisión de materia general Enseñanza
942 ## - ENTRADA DE ELEMENTOS AGREGADOS (KOHA)
Fuente de clasificaión o esquema Dewey Decimal Classification
Koha [por defecto] tipo de item 1- Monografias
Existencias
Suprimido Perdido Fuente de clasificación o esquema Estropeado Restricciones de uso No para préstamo Código de colección Localización permanente Localización actual Localización en estanter&íacute;as Fecha adquisición Fuente de adquisición Número de inventario Préstamos totales Signatura completa Código de barras Fecha última consulta Fecha último préstamo Coste, precio reemplazado Fecha del precio de reemplazo Tipo de item de Koha Renovaciones totales
NULL NULL Dewey Decimal Classification NULL Préstamo en Sala NULL NULL Biblioteca Miguel de Cervantes - UNICAES Biblioteca Miguel de Cervantes - UNICAES Sala Principal 07/06/2014 Donación - Facultad de Ingenieria y Arquitectura 017369 4 612.3 OLI ali (v. 1) 1017712 17/03/2023 17/03/2023 8.00 07/06/2014 1- Monografias  
NULL NULL Dewey Decimal Classification NULL Préstamo en Sala NULL NULL Biblioteca Miguel de Cervantes - UNICAES Biblioteca Miguel de Cervantes - UNICAES Sala Principal 07/06/2014 Donación - Facultad de Ingenieria y Arquitectura 017370 3 612.3 OLI ali (v. 2) 1017713 02/02/2018 02/02/2018 8.00 07/06/2014 1- Monografias  
NULL NULL Dewey Decimal Classification NULL Préstamo en Sala NULL NULL Biblioteca Miguel de Cervantes - UNICAES Biblioteca Miguel de Cervantes - UNICAES Sala Principal 07/06/2014 Donación - Facultad de Ingenieria y Arquitectura 017371 12 612.3 OLI ali (v. 3) 1017714 02/05/2019 30/04/2019 8.00 07/06/2014 1- Monografias 1